Biblioteca

La historia del himno en castellano (Registro nro. 35588)

Detalles MARC
000 -LÍDER
Campo fijo de descripción fija 01241aam a2200289 i 4500
001 - NÚMERO DE CONTROL
Campo de control 768714001
003 - IDENTIFICADOR DEL NÚMERO DE CONTROL
Campo de control CO-MdFUSB
005 - FECHA Y HORA DE LA ULTIMA TRANSACCIÓN
control field 20240503145850.0
007 - CAMPO FIJO DE DESCRIPCIÓN FIJA--INFORMACIÓN GENERAL
Campo fijo de descripción fija ta
008 - ELEMENTOS DE LONGITUD FIJA -- INFORMACIÓN GENERAL
Campo fijo de descripción fija -- Información general 240220t1963 -us |||| |||| 00| 0 spa d
040 ## - FUENTE DE CATALOGACIÓN
Agencia que realiza la transcripción CO-MdFUSB
041 0# - CÓDIGO DE IDIOMA
Código de idioma para texto/pista de sonido o título separado spa
082 04 - NÚMERO DE CLASIFICACIÓN DECIMAL DEWEY
Número de clasificación 264.2309
Número de la edición del Dewey 23
Clave de autor-Numero de item M4788h
100 1# - ASIENTO PRINCIPAL--NOMBRE PERSONAL
Nombre personal McConnell, Cecilio
Término relacionador autor
245 13 - TÍTULO
Título del Material La historia del himno en castellano
Mención de responsabilidad, etc. / Cecilio McConnell
264 #1 - PRODUCCIÓN, PUBLICACIÓN, DISTRIBUCIÓN, MANUFACTURA, Y COPYRIGHT
Nombre del productor, publicador, distribuidor Casa Bautista de Publicaciones,
Lugar de producción, publicación, distribución, manufactura El Paso, TX., USA :
Fecha de producción, publicación, distribución, manufactura, o copyright [1963]
264 #4 - PRODUCCIÓN, PUBLICACIÓN, DISTRIBUCIÓN, MANUFACTURA, Y COPYRIGHT
Fecha de producción, publicación, distribución, manufactura, o copyright ©1963
300 ## - DESCRIPCIÓN FÍSICA
Extensión 186 páginas
Dimensiones ; 20 cm
336 ## - TIPO DE CONTENIDO
Término de tipo de contenido texto
Código de tipo de contenido txt
Fuente rdacontent
337 ## - TIPO DE MEDIO
Fuente rdamedia
Nombre del tipo de medio sin mediación
Código del tipo de medio n
338 ## - TIPO DE SOPORTE
Fuente rdacarrier
Nombre del tipo de soporte volumen
Código Tipo de soporte nc
505 ## - NOTA DE CONTENIDO
Nota de contenido con formato preestablecido La importancia de los himnos. -- El himno en la iglesia primitiva. -- El himno en la iglesia medieval. -- La reforma y el origen del himno moderno. -- La evolución de la música de himnos. -- Watts y Wesley y el desarrollo del himno inglés moderno. -- La ampliación de temas en los himnos. -- El perfeccionamiento de la música hímnica. -- La canción evangelistica. -- los himnos evangélicos españoles del siglo XIX. -- El himno castellano en el siglo XX.
563 ## - NOTA DE ENCUADERNACIÓN
Nota de encuadernación Pasta dura
653 ## - TÉRMINO DE INDIZACIÓN - NO CONTROLADO
Término no controlado Himnos religiosos
942 ## - TIPO DE MATERIAL (KOHA)
Tipo de Item KOHA Libros General
945 ## - INFORMACIÓN LOCAL DEL REGISTRO
Catalogador JTF-925
Existencias
Estado de Material Estado de Perdido Forma de Clasificación Estado de Dañado No para Préstamo Colección Tomo Biblioteca de Origen Biblioteca Permanente Fecha de Adquisición Total de Préstamos Signatura Topográfica Código de Barras Última vez visto Ejemplar/Existencia Fecha de Remplazo Tipo de Material
    Dewey Decimal Classification     Colección General   Biblioteca FUSBC Biblioteca FUSBC 09/12/2004   G 264.2309 M4788h 4184 27/02/2026 Ej. 1 26/01/2016 Libros General

Biblioteca FUSBC | Teléfono: (57+4) 349 88 10 Ext. 141| WhatsApp (+57) 3005338115 
E-mail: biblioteca@unisbc.edu.co | Calle 76 87-14 Robledo Palenque, Medellín, Colombia

Con tecnología Koha